[Event "Montevideo zt 2.5"]
[Site "Montevideo"]
[Date "2013.04.23"]
[Round "7"]
[White "Arcos Facio, Mateo"]
[Black "Davila Texeira, Mario"]
[Result "1-0"]
[WhiteElo "2185"]
[BlackElo "1879"]
[PlyCount "117"]
[EventDate "2013.04.19"]
[EventType "swiss"]
[EventRounds "9"]
[EventCountry "URU"]
[SourceTitle "CBM 154 Extra"]
[Source "ChessBase"]
[SourceDate "2013.06.25"]
[SourceVersion "2"]
[SourceVersionDate "2013.06.25"]
[SourceQuality "1"]

1. e4 e5 2. Nf3 Nf6 3. d4 d6 4. Nc3 exd4 5. Nxd4 Be7 6. Bc4 Nc6 7. Nxc6 bxc6 8. Bf4 0-0 9. Qe2 Be6 10. 0-0-0 Nd7 11. Bg3 Nb6 12. Bxe6 fxe6 13. Qg4 Qc8 14. Ne2 e5 15. Qxc8 Raxc8 16. b3 Rb8 17. h4 g6 18. f3 Rf7 19. Nc3 Bf8 20. Rd3 Bh6+ 21. Kd1 Bg7 22. Ke2 Rff8 23. Bf2 Bh6 24. a4 a6 25. Bxb6 Rxb6 26. Nd1 Bg7 27. h5 Kf7 28. Ne3 Rh8 29. Rc3 Ke6 30. a5 Rb7 31. Rxc6 Ra7 32. hxg6 hxg6 33. Rxh8 Bxh8 34. Nd5 Kd7 35. Nb4 Rb7 36. Rc4 Ra7 37. Nd5 Bg7 38. Ra4 c6 39. Nb6+ Ke6 40. Rc4 c5 41. Ra4 Bf6 42. Ra1 Rh7 43. c3 Bd8 44. Nc4 Rh2 45. Kf2 Bh4+ 46. Kg1 Bg3 47. Rd1 Rh8 48. Rxd6+ Kf7 49. Ne3 Rb8 50. Rb6 Rd8 51. Nd5 Ra8 52. Rb7+ Kg8 53. Ne7+ Kf8 54. Nxg6+ Kg8 55. Ne7+ Kh8 56. Rc7 Be1 57. Rxc5 Rd8 58. Kf1 Bh4 59. Ng6+ 1-0

[Event "URU-ch sf"]
[Site "Montevideo"]
[Date "2013.02.12"]
[Round "8"]
[White "Davila Texeira, Mario"]
[Black "Caitano, Pablo"]
[Result "1-0"]
[WhiteElo "1898"]
[BlackElo "1834"]
[PlyCount "77"]
[EventDate "2013.02.08"]
[EventType "swiss"]
[EventRounds "9"]
[EventCountry "URU"]
[SourceTitle "EXT 2014"]
[Source "ChessBase"]
[SourceDate "2013.11.20"]
[SourceVersion "1"]
[SourceVersionDate "2013.11.20"]
[SourceQuality "1"]

1. d4 Nf6 2. Bg5 e6 3. e3 d5 4. Bd3 c5 5. c3 Nc6 6. f4 cxd4 7. exd4 Be7 8. Nd2 0-0 9. Ngf3 h6 10. Bh4 Nh5 11. Bg3 Nxg3 12. hxg3 f5 13. Qc2 a6 14. 0-0-0 Bd7 15. Kb1 b5 16. Ne5 Nxe5 17. dxe5 Qb6 18. Ka1 Rfc8 19. Qb1 Qf2 20. g4 Qxf4 21. gxf5 exf5 22. Nf3 Bc5 23. Nh4 Qxe5 24. Nxf5 Rf8 25. Nh4 Rf2 26. Bh7+ Kf7 27. Qg6+ Kf8 28. Qd3 Qe2 29. Ng6+ Kf7 30. Qxe2 Rxe2 31. Rxd5 Bg4 32. Rxc5 Rae8 33. Rf1+ Ke6 34. Nf4+ Kd6 35. Nxe2 Bxe2 36. Rff5 Bd3 37. Rfd5+ Ke6 38. Bxd3 Kf6 39. Rc6+ 1-0

[Event "URU-ch sf"]
[Site "Montevideo"]
[Date "2013.02.11"]
[Round "7"]
[White "De Cuadro, Dionisio"]
[Black "Davila Texeira, Mario"]
[Result "1/2-1/2"]
[WhiteElo "1449"]
[BlackElo "1898"]
[PlyCount "125"]
[EventDate "2013.02.08"]
[EventType "swiss"]
[EventRounds "9"]
[EventCountry "URU"]
[SourceTitle "EXT 2014"]
[Source "ChessBase"]
[SourceDate "2013.11.20"]
[SourceVersion "1"]
[SourceVersionDate "2013.11.20"]
[SourceQuality "1"]

1. d4 Nf6 2. c4 g6 3. Nc3 Bg7 4. e4 d6 5. Be2 0-0 6. Nf3 e5 7. d5 a5 8. 0-0 Na6 9. h3 Nc5 10. Bg5 h6 11. Bxf6 Bxf6 12. a3 a4 13. Nd2 h5 14. b4 axb3 15. Nxb3 Nxb3 16. Qxb3 b6 17. Ra2 Kg7 18. Rfa1 Kh6 19. a4 Ra5 20. Nd1 Bg5 21. Ne3 f5 22. exf5 gxf5 23. Nf1 Bd7 24. Qf3 Be8 25. Ng3 Bg6 26. Qc3 f4 27. Nf1 e4 28. Rd1 Bf6 29. Qd2 Be5 30. f3 e3 31. Qe1 h4 32. Nh2 Qg5 33. Ng4+ Kh5 34. Bd3 Be8 35. Bc2 Bd7 36. Qe2 Bg7 37. Kh2 Bf5 38. Bd3 Qg6 39. Bxf5 Qxf5 40. Rd3 Rfa8 41. Qc2 Kg5 42. Qd1 Rxa4 43. Rxa4 Rxa4 44. Qxa4 Qxd3 45. Qd7 Qg6 46. Qd8+ Bf6 47. Nxf6 Qxf6 48. Qg8+ Kh6 49. Qe8 Kg7 50. Qd7+ Kf8 51. Qc8+ Kf7 52. Qd7+ Kg6 53. Qe8+ Qf7 54. Qe4+ Kg5 55. Kg1 Qf6 56. Kh2 Qe5 57. Qh7 e2 58. Qg8+ Kf6 59. Qf8+ Kg6 60. Qg8+ Kh6 61. Qf8+ Kh7 62. Qf7+ Kh6 63. Qf8+ 1/2-1/2

[Event "URU-ch sf"]
[Site "Montevideo"]
[Date "2013.02.10"]
[Round "4"]
[White "Davila Texeira, Mario"]
[Black "Izquierdo, Sebastian"]
[Result "0-1"]
[WhiteElo "1898"]
[BlackElo "2043"]
[PlyCount "94"]
[EventDate "2013.02.08"]
[EventType "swiss"]
[EventRounds "9"]
[EventCountry "URU"]
[SourceTitle "EXT 2014"]
[Source "ChessBase"]
[SourceDate "2013.11.20"]
[SourceVersion "1"]
[SourceVersionDate "2013.11.20"]
[SourceQuality "1"]

1. d4 Nf6 2. Bg5 g6 3. Nc3 Bg7 4. e4 0-0 5. f3 d6 6. Qd2 c6 7. 0-0-0 a6 8. g4 b5 9. h4 Qc7 10. h5 e5 11. hxg6 fxg6 12. d5 c5 13. Kb1 Rf7 14. Re1 Nbd7 15. Re2 b4 16. Nd1 Nf8 17. Reh2 a5 18. Bc4 Ba6 19. Qd3 Bxc4 20. Qxc4 Qb7 21. Ne3 N6d7 22. Qe2 a4 23. Nc4 Ra6 24. Bc1 Nf6 25. Nh3 Bh8 26. Nf2 Ne8 27. g5 Bg7 28. Ng4 Nc7 29. Rh3 Nb5 30. Qh2 b3 31. cxb3 axb3 32. a3 Ra4 33. Nge3 Bh8 34. Rd1 Qa6 35. Qg2 Nd4 36. Qf1 Nc2 37. Nxc2 bxc2+ 38. Kxc2 Qxc4+ 39. Qxc4 Rxc4+ 40. Kb1 Ra4 41. b3 Ra6 42. Bb2 Bg7 43. Kc2 Nd7 44. Rdh1 Bf8 45. R1h2 Be7 46. f4 exf4 47. Rh6 Ne5 0-1